Alpha-Fetoprotein in the Serum of Patients with Neoplasms of the Gastrointestinal Tract

Bibliographic Details
Main Authors: Tzingilev, D. (Author), Ivanova, Tz (Author), Todorov, V. (Author), Sirakov, L. M. (Author)
Format: Article
Language:English

MARC

LEADER 00000nab a2200000ua 4500
001 vtls010828327
003 SK-MaSNL
005 20260303221847.0
008 230222s1976 xo |||||||||||||||||eng|
035 |a (urnnbn)urn:nbn:sk:snk:ar-a06eg5 
035 |a urn:nbn:sk:snk-ab5txz 
035 |a (uuid)cd69c0ba-581e-4da6-9ad5-d5f5d3676f10 
040 |a SNKBUCL  |b slo  |c SNKBUCL  |e AACR2 
041 0 |a eng 
044 |a xo  |c SK 
100 1 |a Tzingilev, D.  |4 aut  |9 1255751 
245 1 0 |a Alpha-Fetoprotein in the Serum of Patients with Neoplasms of the Gastrointestinal Tract  |c D. Tzingilev, Tz. Ivanova, V. Todorov, L. M. Sirakov 
700 1 |a Ivanova, Tz.  |4 aut  |9 1255758 
700 1 |a Todorov, V.  |4 aut  |9 1205821 
700 1 |a Sirakov, L. M.  |4 aut  |9 1255752 
773 0 |t Neoplasma : journal of experimental and clinical oncology  |g Roč. 23, č. 2 (1976), s. 179-182 
958 |a OND 
958 |a EUIPO 
958 |a article5 
999 |c 2236615  |d 2238545